[Event "Dortmund Sparkassen op 50th"]
[Site "Dortmund"]
[Date "2023.06.25"]
[Round "2"]
[White "Raja, Harshit"]
[Black "Scholz, Christian"]
[Result "1-0"]
[WhiteElo "2510"]
[BlackElo "2331"]
[PlyCount "81"]
[EventDate "2023.06.24"]
[EventType "swiss"]
[EventRounds "9"]
[EventCountry "GER"]
[SourceTitle "CBM 215 Extra"]
[Source "ChessBase"]
[SourceDate "2023.09.30"]
[SourceVersion "1"]
[SourceVersionDate "2023.09.30"]
[SourceQuality "1"]

1. e4 c5 2. Nf3 d6 3. d4 cxd4 4. Nxd4 Nf6 5. Nc3 a6 6. Be3 e5 7. Nf3 Qc7 8. Be2 Be7 9. a4 0-0 10. 0-0 Nbd7 11. Nd2 b6 12. Nc4 Nc5 13. b4 Ncxe4 14. Nxe4 Nxe4 15. Nxb6 Rb8 16. Nd5 Qd8 17. b5 axb5 18. Ba7 Ra8 19. Bb6 Qd7 20. Bxb5 Qe6 21. f3 Ng5 22. Nc7 Qg6 23. Nxa8 Bb7 24. Nc7 d5 25. a5 d4 26. Kh1 Rc8 27. a6 Qxb6 28. axb7 Qxb7 29. Ba6 Qxc7 30. Bxc8 Qxc8 31. Ra5 Qc7 32. Qe1 f6 33. f4 Nf7 34. Ra8+ Nd8 35. fxe5 fxe5 36. Qe4 h6 37. Qg6 Qc4 38. Kg1 Qd5 39. Ra7 Nc6 40. Qe8+ Kh7 41. Rc7 1-0

[Event "Muenster op-A 39th"]
[Site "Muenster"]
[Date "2022.10.07"]
[Round "8"]
[White "Holtel, Jasper"]
[Black "Scholz, Christian"]
[Result "0-1"]
[WhiteElo "2413"]
[BlackElo "2332"]
[PlyCount "144"]
[EventDate "2022.10.01"]
[EventType "swiss"]
[EventRounds "9"]
[EventCountry "GER"]
[SourceTitle "EXT 2023"]
[Source "ChessBase"]
[SourceDate "2022.10.05"]
[SourceVersion "1"]
[SourceVersionDate "2022.10.05"]
[SourceQuality "1"]

1. Nf3 Nf6 2. g3 g6 3. b3 Bg7 4. Bb2 0-0 5. Bg2 d6 6. d4 b5 7. 0-0 Bb7 8. Qd3 Qe8 9. Nbd2 b4 10. c4 bxc3 11. Qxc3 Na6 12. Qa5 c5 13. Rac1 Qd8 14. Nc4 Rc8 15. dxc5 Rxc5 16. Qxd8 Rxd8 17. Bd4 Rc7 18. Na5 Be4 19. Rxc7 Nxc7 20. Rc1 Ne6 21. Be3 Nd5 22. Nc6 Rd7 23. Nfe5 Bxe5 24. Bxe4 Nxe3 25. fxe3 Bf6 26. b4 Rc7 27. Rb1 Kf8 28. a4 Ke8 29. a5 Kd7 30. b5 Nc5 31. Bf3 e6 32. Nb8+ Kc8 33. b6 Kxb8 34. bxc7+ Kxc7 35. Rc1 Bg5 36. Kf2 h5 37. Rc4 Be7 38. Rc2 Bd8 39. Ra2 d5 40. Rc2 Kd6 41. Ra2 Bc7 42. Bg2 Kc6 43. e4 dxe4 44. Ke3 f5 45. Kd4 Nb3+ 46. Kc4 Nxa5+ 47. Kb4 Kd5 48. e3 Nc4 49. Rxa7 Bd6+ 50. Kc3 Nxe3 51. Bh1 Be5+ 52. Kd2 Nf1+ 53. Ke2 Nxh2 54. Ra3 Bd6 55. Ra5+ Kd4 56. Ra6 Ke5 57. Bg2 Bc7 58. Ra7 Bb6 59. Ra6 Bd4 60. Ra4 Ng4 61. Bh3 Ne3 62. Ke1 Kf6 63. Ke2 e5 64. Ra8 Kg5 65. Rh8 Nd5 66. Kf1 Nc3 67. Ke1 e3 68. Bg2 Kg4 69. Rg8 g5 70. Bc6 e2 71. Bb7 e4 72. Ba6 Kf3 0-1

[Event "Muenster op-A 39th"]
[Site "Muenster"]
[Date "2022.10.02"]
[Round "2"]
[White "Althoff, Ralph"]
[Black "Scholz, Christian"]
[Result "0-1"]
[WhiteElo "1951"]
[BlackElo "2332"]
[PlyCount "76"]
[EventDate "2022.10.01"]
[EventType "swiss"]
[EventRounds "9"]
[EventCountry "GER"]
[SourceTitle "EXT 2023"]
[Source "ChessBase"]
[SourceDate "2022.10.05"]
[SourceVersion "1"]
[SourceVersionDate "2022.10.05"]
[SourceQuality "1"]

1. d4 Nf6 2. Nf3 g6 3. g3 Bg7 4. Bg2 0-0 5. 0-0 d6 6. b3 e5 7. dxe5 dxe5 8. Ba3 Qxd1 9. Rxd1 Re8 10. c4 e4 11. Nd4 a6 12. Nc3 Nbd7 13. g4 c5 14. Nc2 Nxg4 15. Nd5 Be5 16. f4 exf3 17. exf3 Ngf6 18. f4 Bxa1 19. Nc7 Bc3 20. Nxa8 Re2 21. Rc1 Bd2 22. Rf1 Ba5 23. Rf2 Re8 24. b4 cxb4 25. Bxb4 Bxb4 26. Nxb4 Nc5 27. Rd2 Bf5 28. Nc7 Re1+ 29. Kf2 Rb1 30. Rd8+ Kg7 31. Nbd5 Rb2+ 32. Kf1 Ng4 33. Ne8+ Kh6 34. Nd6 Bd3+ 35. Ke1 Rxg2 36. Nxf7+ Kg7 37. Ng5 Re2+ 38. Kd1 Bxc4 0-1

[Event "BL2-West 2122"]
[Site "Germany"]
[Date "2022.04.30"]
[Round "3.3"]
[White "Scholz, Christian"]
[Black "Burg, Twan"]
[Result "0-1"]
[WhiteElo "2362"]
[BlackElo "2507"]
[PlyCount "50"]
[EventDate "2022.03.05"]
[EventType "team-tourn"]
[EventRounds "10"]
[EventCountry "GER"]
[SourceTitle "EXT 2023"]
[Source "ChessBase"]
[SourceDate "2022.10.05"]
[SourceVersion "1"]
[SourceVersionDate "2022.10.05"]
[SourceQuality "1"]
[WhiteTeam "Dortmund Hansa"]
[BlackTeam "Remagen Sinzig"]
[WhiteTeamCountry "GER"]
[BlackTeamCountry "GER"]

1. d4 Nf6 2. c4 e6 3. Nf3 d5 4. Qc2 c5 5. dxc5 Bxc5 6. cxd5 Qb6 7. Be3 Na6 8. Bxc5 Nxc5 9. Nc3 exd5 10. e3 0-0 11. Be2 Bf5 12. Qd2 Rfd8 13. 0-0 Nfe4 14. Nxe4 dxe4 15. Nd4 Ne6 16. Rfd1 Rac8 17. b3 h6 18. Bc4 Nxd4 19. exd4 Rc6 20. d5 Rcd6 21. Qe2 Rg6 22. Qe3 Qf6 23. Qxa7 Rxg2+ 24. Kf1 Bh3 25. Ke1 Qc3+ 0-1

[Event "GER-ch Net blitz qual5"]
[Site "Playchess.com INT"]
[Date "2020.03.28"]
[Round "4"]
[White "Donchenko, Alexander"]
[Black "Scholz, Christian"]
[Result "1-0"]
[WhiteElo "2648"]
[BlackElo "2368"]
[PlyCount "123"]
[EventDate "2020.03.28"]
[EventType "swiss (blitz)"]
[EventRounds "13"]
[EventCountry "GER"]
[SourceTitle "CBM 195 Extra"]
[Source "ChessBase"]
[SourceDate "2020.05.31"]
[SourceVersion "1"]
[SourceVersionDate "2020.05.31"]
[SourceQuality "1"]

1. c4 Nf6 2. g3 g6 3. Bg2 Bg7 4. Nc3 0-0 5. d4 d6 6. Nf3 Nc6 7. 0-0 a6 8. b3 Rb8 9. d5 Nxd5 10. cxd5 Bxc3 11. Bh6 Ne5 12. Bxf8 Nxf3+ 13. Bxf3 Bxa1 14. Bxe7 Qxe7 15. Qxa1 Bd7 16. Rc1 Rc8 17. Qd4 c5 18. dxc6 Bxc6 19. h4 h5 20. e3 Qe6 21. Bxc6 Rxc6 22. Rxc6 bxc6 23. Qb6 Qe4 24. Qd8+ Kh7 25. Qxd6 Qb1+ 26. Kg2 Qxa2 27. Qxc6 Qxb3 28. Qxa6 Qd5+ 29. Kh2 Qf3 30. Qf1 Kh6 31. Kg1 f5 32. Qa1 Kh7 33. Qa7+ Kh6 34. Qd4 Kh7 35. Qd7+ Kh6 36. Qd8 Kh7 37. Qc7+ Kg8 38. Qd8+ Kf7 39. Qd7+ Kg8 40. Qd6 Kf7 41. Kf1 Qh1+ 42. Ke2 Qe4 43. Qd7+ Kg8 44. Qd8+ Kf7 45. Qc7+ Kg8 46. Qc3 Qg4+ 47. Kd2 Qf3 48. Qc8+ Kf7 49. Qc7+ Kg8 50. Qf4 Qd5+ 51. Qd4 Qa2+ 52. Ke1 Qb1+ 53. Ke2 Qb5+ 54. Kf3 Qb7+ 55. Kf4 Qg2 56. Kg5 Qxf2 57. Kh6 Kf7 58. Qg7+ Ke6 59. Qxg6+ Ke5 60. Qg5 Qa2 61. Qe7+ Kd5 62. Qf7+ 1-0

[Event "GER-ch Net blitz qual5"]
[Site "Playchess.com INT"]
[Date "2020.03.28"]
[Round "9"]
[White "Mossakowski, Florian"]
[Black "Scholz, Christian"]
[Result "1-0"]
[WhiteElo "1973"]
[BlackElo "2368"]
[PlyCount "83"]
[EventDate "2020.03.28"]
[EventType "swiss (blitz)"]
[EventRounds "13"]
[EventCountry "GER"]
[SourceTitle "CBM 195 Extra"]
[Source "ChessBase"]
[SourceDate "2020.05.31"]
[SourceVersion "1"]
[SourceVersionDate "2020.05.31"]
[SourceQuality "1"]

1. e4 c5 2. Nf3 d6 3. d4 cxd4 4. Nxd4 Nf6 5. Nc3 a6 6. f4 e5 7. Nf3 Nbd7 8. a4 d5 9. exd5 e4 10. Ne5 Bb4 11. Bc4 0-0 12. 0-0 Qc7 13. Bb3 Nxe5 14. fxe5 Bxc3 15. exf6 Bxf6 16. Rxf6 gxf6 17. Bh6 Rd8 18. Qd2 Qe5 19. Be3 Bf5 20. Rf1 Bg6 21. Bd4 Qg5 22. Qf2 f5 23. Be3 Qf6 24. c3 Rac8 25. h4 Qe5 26. Bd4 Qd6 27. c4 h5 28. Qe3 Qf8 29. Qg5 b5 30. axb5 axb5 31. cxb5 Kh7 32. b6 Qh6 33. Qf6 Rd7 34. Ra1 Rb8 35. Ra7 Rdd8 36. Rxf7+ Kg8 37. Re7 Rf8 38. d6+ Rf7 39. Bxf7+ Kf8 40. Bxg6+ Kg8 41. Bf7+ Kf8 42. Qxh6# 1-0

[Event "GER-ch Net blitz qual5"]
[Site "Playchess.com INT"]
[Date "2020.03.28"]
[Round "11"]
[White "Scholz, Christian"]
[Black "Foerster, Erik"]
[Result "0-1"]
[WhiteElo "2368"]
[BlackElo "2064"]
[PlyCount "76"]
[EventDate "2020.03.28"]
[EventType "swiss (blitz)"]
[EventRounds "13"]
[EventCountry "GER"]
[SourceTitle "CBM 195 Extra"]
[Source "ChessBase"]
[SourceDate "2020.05.31"]
[SourceVersion "1"]
[SourceVersionDate "2020.05.31"]
[SourceQuality "1"]

1. d4 d5 2. c4 e5 3. dxe5 d4 4. Nf3 Nc6 5. g3 Nge7 6. Bg2 Ng6 7. 0-0 Ngxe5 8. Nbd2 Be6 9. b3 Be7 10. Nxe5 Nxe5 11. Bxb7 Bh3 12. Bg2 Bxg2 13. Kxg2 h5 14. Nf3 Nxf3 15. exf3 h4 16. h3 hxg3 17. fxg3 Qd7 18. g4 0-0-0 19. Bf4 g5 20. Bg3 f5 21. Qd3 f4 22. Bf2 Bb4 23. Rad1 Bc3 24. Be1 Qg7 25. Bxc3 dxc3 26. Qf5+ Kb8 27. Qc2 Rxd1 28. Rxd1 Qh6 29. Rh1 Qh4 30. Qf2 Qh7 31. h4 gxh4 32. Rc1 h3+ 33. Kh2 Qd3 34. Rc2 Re8 35. Kxh3 Rh8+ 36. Kg2 Qd1 37. Qe2 Qh1+ 38. Kf2 Rh2# 0-1

[Event "GER-ch Net blitz qual5"]
[Site "Playchess.com INT"]
[Date "2020.03.28"]
[Round "7"]
[White "Scholz, Christian"]
[Black "Riesner, Daniel"]
[Result "0-1"]
[WhiteElo "2368"]
[BlackElo "1967"]
[PlyCount "60"]
[EventDate "2020.03.28"]
[EventType "swiss (blitz)"]
[EventRounds "13"]
[EventCountry "GER"]
[SourceTitle "CBM 195 Extra"]
[Source "ChessBase"]
[SourceDate "2020.05.31"]
[SourceVersion "1"]
[SourceVersionDate "2020.05.31"]
[SourceQuality "1"]

1. d4 Nf6 2. c4 e6 3. Nf3 b6 4. a3 Bb7 5. Nc3 d5 6. cxd5 Nxd5 7. Qc2 Nxc3 8. bxc3 c5 9. e4 Be7 10. Bd3 Nd7 11. 0-0 Qc7 12. Qe2 0-0 13. Be3 Rac8 14. Rad1 cxd4 15. cxd4 Bxa3 16. Ra1 Bd6 17. e5 Be7 18. Rxa7 Ra8 19. Rxa8 Rxa8 20. Ng5 h6 21. Ne4 Ra3 22. Rc1 Qb8 23. Bb1 Bd5 24. h3 Qb7 25. Qg4 Kh8 26. Nc3 Bc6 27. d5 Bxd5 28. Nxd5 Qxd5 29. Rc8+ Nf8 30. Bf4 Rb3 0-1

[Event "GER-ch Net blitz qual5"]
[Site "Playchess.com INT"]
[Date "2020.03.28"]
[Round "5"]
[White "Scholz, Christian"]
[Black "Seul, Georg"]
[Result "1-0"]
[WhiteElo "2368"]
[BlackElo "2372"]
[PlyCount "37"]
[EventDate "2020.03.28"]
[EventType "swiss (blitz)"]
[EventRounds "13"]
[EventCountry "GER"]
[SourceTitle "CBM 195 Extra"]
[Source "ChessBase"]
[SourceDate "2020.05.31"]
[SourceVersion "1"]
[SourceVersionDate "2020.05.31"]
[SourceQuality "1"]

1. d4 Nf6 2. c4 e6 3. Nf3 Bb4+ 4. Nbd2 d6 5. a3 Bxd2+ 6. Qxd2 Nbd7 7. e3 0-0 8. b4 e5 9. dxe5 dxe5 10. Bb2 Qe7 11. Be2 b6 12. 0-0 Bb7 13. Rfd1 Rfe8 14. Qc3 c5 15. h3 Rac8 16. b5 e4 17. Nh4 Qe6 18. Bg4 Qe5 19. Bxd7 1-0

[Event "GER-ch Net blitz qual3"]
[Site "Playchess.com INT"]
[Date "2020.03.21"]
[Round "8"]
[White "Kopylov, Daniel"]
[Black "Scholz, Christian"]
[Result "1-0"]
[WhiteElo "2348"]
[BlackElo "2368"]
[PlyCount "75"]
[EventDate "2020.03.21"]
[EventType "swiss (blitz)"]
[EventRounds "9"]
[EventCountry "GER"]
[SourceTitle "CBM 195 Extra"]
[Source "ChessBase"]
[SourceDate "2020.05.31"]
[SourceVersion "1"]
[SourceVersionDate "2020.05.31"]
[SourceQuality "1"]

1. e4 c5 2. Nf3 d6 3. d4 cxd4 4. Nxd4 Nf6 5. Nc3 a6 6. Be3 e5 7. Nf3 Be6 8. Ng5 Be7 9. Nxe6 fxe6 10. Bc4 Qc8 11. Bb3 Nc6 12. 0-0 Na5 13. Bg5 Nxb3 14. axb3 0-0 15. Bxf6 Rxf6 16. Qe2 Qc6 17. Rad1 Rc8 18. Rd3 b5 19. Rc1 Qc5 20. Nd1 Rg6 21. Ne3 Bg5 22. Rc3 Bxe3 23. fxe3 Qxc3 24. bxc3 Rxc3 25. Rd1 Rc6 26. Rd3 Kf7 27. Qd2 Ke7 28. Rc3 Kd7 29. Rxc6 Kxc6 30. Qa5 Kb7 31. c4 bxc4 32. bxc4 Rg4 33. c5 dxc5 34. Qxc5 Rxe4 35. Qe7+ Kc6 36. Qxe6+ Kc5 37. Qxa6 Rxe3 38. Qa7+ 1-0

[Event "GER-ch Net blitz qual3"]
[Site "Playchess.com INT"]
[Date "2020.03.21"]
[Round "9"]
[White "Scholz, Christian"]
[Black "Spitzl, Vinzent"]
[Result "1-0"]
[WhiteElo "2368"]
[BlackElo "2344"]
[PlyCount "61"]
[EventDate "2020.03.21"]
[EventType "swiss (blitz)"]
[EventRounds "9"]
[EventCountry "GER"]
[SourceTitle "CBM 195 Extra"]
[Source "ChessBase"]
[SourceDate "2020.05.31"]
[SourceVersion "1"]
[SourceVersionDate "2020.05.31"]
[SourceQuality "1"]

1. d4 f5 2. Nf3 Nf6 3. g3 g6 4. Bg2 Bg7 5. 0-0 0-0 6. c4 d6 7. Nc3 c6 8. Re1 Qc7 9. b3 e5 10. dxe5 dxe5 11. Ba3 Rd8 12. Qc2 Be6 13. Ng5 Bf7 14. Rad1 Na6 15. e4 f4 16. Bh3 Rxd1 17. Rxd1 Rd8 18. Be6 Rxd1+ 19. Qxd1 Bxe6 20. Nxe6 Qc8 21. Qd6 Ne8 22. Qe7 Nac7 23. Nxg7 Nxg7 24. Qxe5 fxg3 25. hxg3 Nce6 26. Qd6 h5 27. Ne2 Qe8 28. Nf4 Nxf4 29. Qxf4 Qe6 30. Qf8+ Kh7 31. Bb2 1-0

[Event "GER-ch Net blitz qual3"]
[Site "Playchess.com INT"]
[Date "2020.03.21"]
[Round "1"]
[White "Schubert, Martin"]
[Black "Scholz, Christian"]
[Result "0-1"]
[WhiteElo "1928"]
[BlackElo "2368"]
[PlyCount "54"]
[EventDate "2020.03.21"]
[EventType "swiss (blitz)"]
[EventRounds "9"]
[EventCountry "GER"]
[SourceTitle "CBM 195 Extra"]
[Source "ChessBase"]
[SourceDate "2020.05.31"]
[SourceVersion "1"]
[SourceVersionDate "2020.05.31"]
[SourceQuality "1"]

1. c4 Nf6 2. Nc3 g6 3. g3 Bg7 4. Bg2 d6 5. d3 0-0 6. Rb1 a5 7. a3 e5 8. Nf3 Nc6 9. 0-0 Re8 10. b4 axb4 11. axb4 e4 12. dxe4 Nxe4 13. Nxe4 Rxe4 14. b5 Nd4 15. Be3 Nf5 16. Bg5 Qe8 17. e3 Rxc4 18. Nd2 Rca4 19. Rc1 h6 20. e4 hxg5 21. exf5 Bxf5 22. Rxc7 Rd4 23. Bxb7 Ra2 24. Bc6 Qd8 25. Rxf7 Kxf7 26. Qf3 Raxd2 27. g4 Rxg4+ 0-1

[Event "BL2-West 1920"]
[Site "Germany"]
[Date "2019.11.24"]
[Round "3.5"]
[White "Scholz, Christian"]
[Black "Schlecht, Daniel"]
[Result "1/2-1/2"]
[WhiteElo "2376"]
[BlackElo "2362"]
[PlyCount "87"]
[EventDate "2019.09.19"]
[EventType "team-tourn"]
[EventRounds "9"]
[EventCountry "GER"]
[SourceTitle "EXT 2023"]
[Source "ChessBase"]
[SourceDate "2022.10.05"]
[SourceVersion "1"]
[SourceVersionDate "2022.10.05"]
[SourceQuality "1"]
[WhiteTeam "Dortmund Hansa"]
[BlackTeam "Solingen II"]
[WhiteTeamCountry "GER"]
[BlackTeamCountry "GER"]

1. d4 d5 2. c4 c6 3. Nc3 Nf6 4. e3 e6 5. Nf3 Nbd7 6. Qc2 Be7 7. Be2 b6 8. 0-0 Bb7 9. e4 dxe4 10. Nxe4 c5 11. Nxf6+ Nxf6 12. dxc5 Bxc5 13. b4 Be7 14. Bb2 0-0 15. Ng5 h6 16. Rfd1 Qc7 17. Bxf6 hxg5 18. Qb2 Bd6 19. Bxg7 Bxh2+ 20. Kh1 f6 21. Bxf8 Rxf8 22. Qc2 Kg7 23. Qd3 Be5 24. Qd7+ Rf7 25. Qxc7 Rxc7 26. Rac1 f5 27. Rd8 g4 28. Kg1 Bf6 29. Rd6 Kf7 30. Rcd1 Bc8 31. g3 Be7 32. R6d2 Bxb4 33. Rd8 Be7 34. R8d2 Bb4 35. Rb2 Bc5 36. Kg2 Bb7+ 37. f3 e5 38. Rbd2 Bd4 39. Rh1 Kg6 40. Rc2 Bd5 41. Rhc1 Bc6 42. Rh1 Bd5 43. Rhc1 Bc6 44. Rh1 1/2-1/2

[Event "Wiesbaden op 31st"]
[Site "Wiesbaden"]
[Date "2019.08.24"]
[Round "4"]
[White "Scholz, Christian"]
[Black "Poetsch, Hagen"]
[Result "0-1"]
[WhiteElo "2372"]
[BlackElo "2508"]
[PlyCount "84"]
[EventDate "2019.08.22"]
[EventType "swiss"]
[EventRounds "7"]
[EventCountry "GER"]
[SourceTitle "EXT 2020"]
[Source "ChessBase"]
[SourceDate "2019.10.17"]
[SourceVersion "1"]
[SourceVersionDate "2019.10.17"]
[SourceQuality "1"]

1. d4 Nf6 2. c4 e6 3. Nf3 d5 4. Nc3 dxc4 5. e4 Bb4 6. Bxc4 Nxe4 7. 0-0 Nxc3 8. bxc3 Bd6 9. Re1 0-0 10. Qc2 Nd7 11. Rb1 h6 12. Ne5 Nb6 13. Bb3 c5 14. Qe4 Qc7 15. Re3 f5 16. Qh4 c4 17. Bc2 Nd5 18. Rg3 Bxe5 19. dxe5 Kh7 20. Ba3 Rg8 21. Bd6 Qc6 22. Rh3 b6 23. Rd1 Bb7 24. Kf1 Nf4 25. f3 Nxh3 26. Qxh3 b5 27. Kf2 Qb6+ 28. Ke2 g6 29. Rd4 Qd8 30. Bc5 Qg5 31. Rd7+ Rg7 32. Rd1 a5 33. a3 Rc8 34. Bd6 Qh5 35. Qg3 g5 36. h3 Qh4 37. Qxh4 gxh4 38. Kf1 Rcg8 39. Rd2 Bxf3 40. gxf3 Rg1+ 41. Ke2 R8g2+ 42. Ke3 Re1+ 0-1

[Event "Bamberg op 2nd"]
[Site "Bamberg"]
[Date "2019.05.31"]
[Round "4"]
[White "Scholz, Christian"]
[Black "Plat, Vojtech"]
[Result "1/2-1/2"]
[WhiteElo "2372"]
[BlackElo "2540"]
[PlyCount "38"]
[EventDate "2019.05.29"]
[EventType "swiss"]
[EventRounds "7"]
[EventCountry "GER"]
[SourceTitle "CBM 190 Extra"]
[Source "ChessBase"]
[SourceDate "2019.07.15"]
[SourceVersion "1"]
[SourceVersionDate "2019.07.15"]
[SourceQuality "1"]

1. d4 Nf6 2. c4 g6 3. Nc3 d5 4. Bf4 Bg7 5. e3 0-0 6. Rc1 c5 7. dxc5 Qa5 8. cxd5 Ne4 9. Nge2 Nxc5 10. a3 Ne4 11. Qa4 Qxa4 12. Nxa4 Bd7 13. Nec3 Rc8 14. Bd3 g5 15. Bxb8 Nxc3 16. Nxc3 Raxb8 17. Kd2 Rc5 18. Be4 f5 19. Bb1 Bxc3+ 1/2-1/2

[Event "BL2-West 1819"]
[Site "Germany"]
[Date "2018.11.25"]
[Round "3.2"]
[White "Sulskis, Sarunas"]
[Black "Scholz, Christian"]
[Result "1-0"]
[WhiteElo "2529"]
[BlackElo "2388"]
[PlyCount "71"]
[EventDate "2018.11.21"]
[EventType "team-tourn"]
[EventRounds "9"]
[EventCountry "GER"]
[SourceTitle "CBM 190 Extra"]
[Source "ChessBase"]
[SourceDate "2019.07.15"]
[SourceVersion "1"]
[SourceVersionDate "2019.07.15"]
[SourceQuality "1"]
[WhiteTeam "Koblenz"]
[BlackTeam "Dortmund Hansa"]
[WhiteTeamCountry "GER"]
[BlackTeamCountry "GER"]

1. e4 c5 2. Nf3 d6 3. Bb5+ Nd7 4. 0-0 Ngf6 5. Re1 e5 6. c3 a6 7. Bxd7+ Bxd7 8. d4 cxd4 9. cxd4 exd4 10. Qxd4 Rc8 11. Bf4 Rc6 12. Nc3 Be7 13. Nd5 0-0 14. Nxe7+ Qxe7 15. Rad1 Ne8 16. Qb4 b5 17. e5 Rc4 18. Qd2 d5 19. b3 Rc8 20. Bg5 Qa3 21. Nd4 h6 22. Bxh6 gxh6 23. Qxh6 Qe7 24. Re3 Ng7 25. Rg3 f5 26. e6 Be8 27. Rh3 Bh5 28. Rxh5 Nxh5 29. Qxh5 Qh7 30. Qf3 f4 31. Re1 Qg7 32. Qd3 Qh7 33. Qd1 Qg6 34. h4 Rce8 35. Re5 Qf6 36. Qg4+ 1-0

[Event "Bamberg op 1st"]
[Site "Bamberg"]
[Date "2018.05.13"]
[Round "7"]
[White "Kunin, Vitaly L"]
[Black "Scholz, Christian"]
[Result "1-0"]
[WhiteElo "2545"]
[BlackElo "2388"]
[PlyCount "69"]
[EventDate "2018.05.09"]
[EventType "swiss"]
[EventRounds "7"]
[EventCountry "GER"]
[SourceTitle "CBM 184 Extra"]
[Source "ChessBase"]
[SourceDate "2018.06.28"]
[SourceVersion "1"]
[SourceVersionDate "2018.06.28"]
[SourceQuality "1"]

1. d4 Nf6 2. c4 g6 3. Nc3 Bg7 4. e4 d6 5. Nge2 0-0 6. Ng3 h5 7. Be2 c5 8. d5 e6 9. Bg5 exd5 10. cxd5 a6 11. a4 Qc7 12. Qd2 Re8 13. 0-0 Nbd7 14. Rac1 Rb8 15. f3 c4 16. Be3 b5 17. axb5 axb5 18. b4 Ne5 19. h3 h4 20. Nh1 Nh7 21. f4 Nd3 22. Nxb5 Qd7 23. Rxc4 Ba6 24. Nc7 Bxc4 25. Nxe8 Nb2 26. Nxg7 Bxe2 27. Qxe2 Rxb4 28. Rb1 Kxg7 29. Rxb2 Rxe4 30. Nf2 Re7 31. Bd4+ f6 32. Qg4 Re1+ 33. Kh2 Qf7 34. Qxh4 Qxd5 35. Ng4 1-0

[Event "Bamberg op 1st"]
[Site "Bamberg"]
[Date "2018.05.10"]
[Round "2"]
[White "Scholz, Christian"]
[Black "Chennaoui, Yasin"]
[Result "1-0"]
[WhiteElo "2388"]
[BlackElo "2103"]
[PlyCount "59"]
[EventDate "2018.05.09"]
[EventType "swiss"]
[EventRounds "7"]
[EventCountry "GER"]
[SourceTitle "CBM 184 Extra"]
[Source "ChessBase"]
[SourceDate "2018.06.28"]
[SourceVersion "1"]
[SourceVersionDate "2018.06.28"]
[SourceQuality "1"]

1. d4 Nf6 2. c4 e6 3. Nf3 d5 4. Bg5 Be7 5. cxd5 exd5 6. Qc2 c6 7. e3 Nbd7 8. Bd3 Nh5 9. Bxe7 Qxe7 10. 0-0 g6 11. e4 dxe4 12. Bxe4 0-0 13. Re1 Qd6 14. Nbd2 Nb6 15. a4 Bg4 16. a5 Bxf3 17. Bxf3 Nd5 18. Ne4 Qf4 19. a6 Nb4 20. Qb3 Nxa6 21. Bxh5 gxh5 22. Qxb7 f5 23. Nf6+ Rxf6 24. Qxa8+ Rf8 25. Re8 Nb8 26. Rxf8+ Kxf8 27. g3 Qd6 28. Rxa7 Ke8 29. Rb7 Kd8 30. Rxb8+ 1-0

[Event "Bamberg op 1st"]
[Site "Bamberg"]
[Date "2018.05.10"]
[Round "3"]
[White "Thrish, Karthik"]
[Black "Scholz, Christian"]
[Result "1-0"]
[WhiteElo "1842"]
[BlackElo "2388"]
[PlyCount "103"]
[EventDate "2018.05.09"]
[EventType "swiss"]
[EventRounds "7"]
[EventCountry "GER"]
[SourceTitle "CBM 184 Extra"]
[Source "ChessBase"]
[SourceDate "2018.06.28"]
[SourceVersion "1"]
[SourceVersionDate "2018.06.28"]
[SourceQuality "1"]

1. e4 c5 2. Nf3 d6 3. d4 cxd4 4. Nxd4 Nf6 5. Nc3 a6 6. Be3 e5 7. Nb3 Qc7 8. Bg5 Nbd7 9. Be2 b5 10. a3 Bb7 11. Nd2 Be7 12. Bf3 0-0 13. 0-0 h6 14. Bxf6 Bxf6 15. Re1 Bg5 16. Nf1 g6 17. Ne3 Bxe3 18. Rxe3 Nb6 19. Rd3 Rad8 20. Qe2 Kh7 21. b3 Qc5 22. Qd2 d5 23. exd5 f5 24. Re1 e4 25. Bxe4 fxe4 26. Nxe4 Qc7 27. d6 Qc6 28. Rh3 h5 29. Qg5 Rd7 30. Rg3 Qxe4 31. Rxe4 Bxe4 32. Re3 Bf5 33. Re7+ Rf7 34. Rxf7+ Rxf7 35. Qd8 Nd5 36. c4 bxc4 37. bxc4 Rd7 38. Qb8 Nc3 39. c5 Be4 40. Qb4 Ne2+ 41. Kf1 Bd3 42. Ke1 a5 43. Qxa5 Rb7 44. Kd2 Bc4 45. Qa4 Rb2+ 46. Ke3 Bb5 47. Qxb5 Rxb5 48. d7 Rb8 49. Kxe2 Kg7 50. c6 Kf7 51. c7 Rb2+ 52. Ke3 1-0

[Event "Bamberg op 1st"]
[Site "Bamberg"]
[Date "2018.05.09"]
[Round "1"]
[White "Elsner, Norbert"]
[Black "Scholz, Christian"]
[Result "0-1"]
[WhiteElo "2034"]
[BlackElo "2388"]
[PlyCount "48"]
[EventDate "2018.05.09"]
[EventType "swiss"]
[EventRounds "7"]
[EventCountry "GER"]
[SourceTitle "CBM 184 Extra"]
[Source "ChessBase"]
[SourceDate "2018.06.28"]
[SourceVersion "1"]
[SourceVersionDate "2018.06.28"]
[SourceQuality "1"]

1. c4 Nf6 2. Nc3 g6 3. g3 Bg7 4. Bg2 d6 5. e3 0-0 6. Nge2 Nc6 7. 0-0 e5 8. d4 a6 9. a3 Re8 10. h3 h5 11. b3 exd4 12. exd4 Bf5 13. Be3 Qd7 14. Kh2 Ne4 15. Nd5 Ne7 16. Nef4 Nxd5 17. Nxd5 Rab8 18. Rc1 c6 19. Nf4 b5 20. Re1 Qb7 21. f3 Nf6 22. g4 Rxe3 23. Rxe3 Bh6 24. Kg3 h4+ 0-1

[Event "BL2-West 1718"]
[Site "Germany"]
[Date "2018.02.25"]
[Round "7.4"]
[White "Stark, Lars"]
[Black "Scholz, Christian"]
[Result "1/2-1/2"]
[WhiteElo "2398"]
[BlackElo "2375"]
[PlyCount "48"]
[EventDate "2017.10.08"]
[EventType "team-tourn"]
[EventRounds "9"]
[EventCountry "GER"]
[SourceTitle "CBM 183 Extra"]
[Source "ChessBase"]
[SourceDate "2018.04.19"]
[SourceVersion "1"]
[SourceVersionDate "2018.04.19"]
[SourceQuality "1"]
[WhiteTeam "Duesseldorf"]
[BlackTeam "Dortmund Hansa"]
[WhiteTeamCountry "GER"]
[BlackTeamCountry "GER"]

1. c4 e5 2. Nc3 Nf6 3. Nf3 Nc6 4. e3 g6 5. d4 exd4 6. Nxd4 Bg7 7. Nde2 0-0 8. Nf4 b6 9. Be2 Bb7 10. Bf3 Na5 11. Bxb7 Nxb7 12. 0-0 Re8 13. Qc2 c6 14. Rd1 Qc7 15. Bd2 Nc5 16. Rac1 Rad8 17. Be1 Ne6 18. Nce2 Nxf4 19. Nxf4 Ne4 20. Nd3 d5 21. cxd5 Rxd5 22. Nf4 Rc5 23. Qb1 Rxc1 24. Rxc1 c5 1/2-1/2